Freedom movement and afterwards / (Record no. 131049)

MARC details
000 -LEADER
fixed length control field 00746nam a22002417a 4500
005 - DATE AND TIME OF LATEST TRANSACTION
control field 20170124110121.0
010 ## - LIBRARY OF CONGRESS CONTROL NUMBER
LC control number A-411044
020 ## - INTERNATIONAL STANDARD BOOK NUMBER
International Standard Book Number 8171240412
Terms of availability 00.00
035 ## - SYSTEM CONTROL NUMBER
System control number A-411044
037 ## - SOURCE OF ACQUISITION
Source of stock number/acquisition Cen Lib/Ret
040 ## - CATALOGING SOURCE
Original cataloging agency DPL
Language of cataloging EN
082 ## - DEWEY DECIMAL CLASSIFICATION NUMBER
Classification number 954.09
Item number TRI
100 ## - MAIN ENTRY--PERSONAL NAME
Personal name Tripathi, Kamla Pati
9 (RLIN) 93205
245 ## - TITLE STATEMENT
Title Freedom movement and afterwards /
Statement of responsibility, etc by Kamla Pati Tripathi ; translated by Prabhat Kumar pandeya
260 ## - PUBLICATION, DISTRIBUTION, ETC. (IMPRINT)
Place of publication, distribution, etc Varanasi
Name of publisher, distributor, etc Vishwavidyalaya Prakashan
Date of publication, distribution, etc 1989
270 ## - ADDRESS
City Varanasi
300 ## - PHYSICAL DESCRIPTION
Extent iii,224p. :
Dimensions 21cm(Hb)
Other physical details ill.
500 ## - GENERAL NOTE
General note Includes index
650 ## - SUBJECT ADDED ENTRY--TOPICAL TERM
Topical term or geographic name as entry element Political science
9 (RLIN) 93206
650 ## - SUBJECT ADDED ENTRY--TOPICAL TERM
Topical term or geographic name as entry element Nationalists
9 (RLIN) 9248
700 ## - ADDED ENTRY--PERSONAL NAME
Personal name Pandeya, Prabhat Kumar
9 (RLIN) 93207
942 ## - ADDED ENTRY ELEMENTS (KOHA)
Source of classification or shelving scheme Dewey Decimal Classification
Koha item type English Books
Classification part 954.09
Call number suffix TRI
Holdings
Withdrawn status Lost status Damaged status Not for loan Home library Current library Date acquired Source of acquisition Cost, normal purchase price Total Checkouts Full call number Barcode Date last seen Date checked out Copy number Cost, replacement price Price effective from Koha item type
        Central Library Central Library 13/07/2015 Cen Lib/Ret 0.00 1 954.09 TRI A-411044 25/07/2025 18/07/2025 1 0.00 13/07/2015 English Books

© Delhi Public Library
Hit Counter
free hit counter